Normal view
MARC view
Entry Topical Term
001 - CONTROL NUMBER
- control field: 11529
003 - CONTROL NUMBER IDENTIFIER
- control field: BD-DhEWU
005 - DATE AND TIME OF LATEST TRANSACTION
- control field: 20140609201459.0
008 - FIXED-LENGTH DATA ELEMENTS
- fixed length control field: 140609|| aca||aabn | a|a d
040 ## - CATALOGING SOURCE
- Original cataloging agency: BD-DhEWU
- Transcribing agency: BD-DhEWU
150 ## - HEADING--TOPICAL TERM
- Topical term or geographic name as entry element: Business logistics.
670 ## - SOURCE DATA FOUND
- Source citation: Work cat.: (BD-DhEWU)6367: Ballou, Ronald H., 1937- 11528, Business logistics/supply chain management :, c2004.